000 00689cam a22002533a 4500
001 32106
003 PGUSA
005 20140828083708.0
008 100423s2010||||xxu|||||s|||||000 1 eng d
040 _aPGUSA
_beng
042 _adc
050 4 _aPR
100 1 _aBaker, Olaf
245 1 0 _aDusty Star
_h[electronic resource] /
_cOlaf Baker
260 _bProject Gutenberg,
_c2010
506 _aPublic domain in the USA.
516 _aElectronic text
653 _aWolves -- Fiction
653 _aIndians of North America -- Fiction
700 1 _aBransom, Paul,
_d1885-1979
830 0 _aProject Gutenberg
_v32106
856 4 0 _uhttp://www.gutenberg.org/ebooks/32106
942 _cEB
999 _c261361
_d261361